Euro : trouvez les 4 premiers de chaque édition - Statistiques

Statistiques générales
  • Ce quiz a été pris 314 fois
  • Le résultat moyen est 51 sur 60
Statistiques - réponses
Hint Réponse % Correct
1964 Espagne
100%
2008 Espagne
100%
2012 Espagne
100%
1984 France
100%
2000 France
100%
2016 France
100%
1960 France
100%
1996 France
100%
1968 Italie
100%
2000 Italie
100%
2012 Italie
100%
1980 Italie
100%
1988 Italie
100%
2016 Portugal
100%
1984 Portugal
100%
2004 Portugal
100%
1984 Portugal
100%
2000 Portugal
100%
2012 Portugal
100%
1996 Allemagne
99%
1992 Allemagne
99%
2008 Allemagne
99%
2012 Allemagne
99%
2016 Allemagne
99%
1968 Angleterre
95%
1996 Angleterre
95%
2004 Grèce
93%
1988 Pays-Bas
90%
1976 Pays-Bas
90%
1992 Pays-Bas
90%
2000 Pays-Bas
90%
2004 Pays-Bas
90%
1980 Belgique
89%
1972 Belgique
89%
1992 Suède
85%
1992 Danemark
84%
1984 Danemark
84%
1964 Danemark
84%
2008 Russie
80%
1960 URSS
76%
1964 URSS
76%
1972 URSS
76%
1988 URSS
76%
1968 URSS
76%
1960 Yougoslavie
76%
1968 Yougoslavie
76%
1976 Yougoslavie
76%
1964 Hongrie
68%
1972 Hongrie
68%
1976 Tchécoslovaquie
68%
1960 Tchécoslovaquie
68%
1980 Tchécoslovaquie
68%
1996 République Tchèque
66%
2004 République Tchèque
66%
2008 Turquie
65%
2016 Pays de Galles
63%
1972 RFA
52%
1980 RFA
52%
1976 RFA
52%
1988 RFA
52%
Aucun quiz correspondant
Distribution des résultats
% des personnes avec chaque résultat
Percentile par nombre de réponses
Votre historique - résultats
Vous n’avez pas pris ce quiz